[Event "EGY-chT"]
[Site "Egypt"]
[Date "2016.05.06"]
[Round "2.4"]
[White "Abdel Razik, Khaled"]
[Black "Hamam, Mahmoud"]
[Result "1-0"]
[WhiteElo "2394"]
[BlackElo "2051"]
[PlyCount "108"]
[EventDate "2016.05.05"]
[EventType "team-tourn"]
[EventRounds "9"]
[EventCountry "EGY"]
[SourceTitle "CBM 172 Extra"]
[Source "ChessBase"]
[SourceDate "2016.06.21"]
[SourceVersion "1"]
[SourceVersionDate "2016.06.21"]
[SourceQuality "1"]
[WhiteTeam "Sharkia Dokhan"]
[BlackTeam "Hawamdia"]
[WhiteTeamCountry "EGY"]
[BlackTeamCountry "EGY"]

1. d4 Nf6 2. c4 e6 3. Nf3 b6 4. g3 Ba6 5. Nbd2 c5 6. e4 cxd4 7. e5 Ng4 8. h3 Nh6 9. Bd3 Nc6 10. 0-0 Qc7 11. Re1 Be7 12. a3 f6 13. exf6 Bxf6 14. Ne4 Nf7 15. Bf4 e5 16. b4 0-0 17. Bg5 Nxg5 18. Nexg5 Bxg5 19. Nxg5 h6 20. Nh7 Bxc4 21. Nxf8 Bxd3 22. Qxd3 Rxf8 23. Qc4+ d5 24. Qxd5+ Qf7 25. Qxc6 Qxf2+ 26. Kh1 Qf5 27. g4 Qd3 28. Qg2 Rf3 29. Kh2 e4 30. Red1 Qb3 31. Rxd4 Qf7 32. Kg1 Qc7 33. Qa2+ Kh7 34. Rxe4 Rg3+ 35. Kf1 Rf3+ 36. Kg1 Rg3+ 37. Kf2 Rxh3 38. Rg1 Qc3 39. Qe2 Qf6+ 40. Kg2 Qh4 41. Qe1 Rh2+ 42. Kf3 Rh3+ 43. Rg3 Rh1 44. Qc3 Rf1+ 45. Ke2 Rf6 46. Qd3 Qh2+ 47. Kd1 Rg6 48. Rge3 h5 49. Re6 Qg1+ 50. Kd2 Qxg4 51. Rxg6 Qxg6 52. Re6 Qxd3+ 53. Kxd3 g6 54. Ke4 Kh6 1-0